00975nam a2200265 i 4500001000300000100002300003245021400026250001200240260002700252300002800279504002400307650001800331655003000349710005300379020001500432040000800447041000700455080001700462920001800479942000700497008004100504999001700545856009800562952004900660bg1 aSTOKŁOSA, Andrzej10aPodstawy termodynamiki fenomenologicznej i statystycznej dla chemików :bpodręcznik dla studentów wyższych szkół technicznych /cAndrzej Stokłosa ; Politechnika Krakowska im. Tadeusza Kościuszki. aWyd. 2. aKraków :bPK,c1999. a220 s. :bil. ;c24 cm. aBibliogr. - Indeks. 9aTermodynamika aPodręczniki akademickie 0aPolitechnika Krakowska im. Tadeusza Kościuszki a8372420610 cBPK0 apl a536.7(075.8) a83-7242-061-0 cKS s pl f |000 0 pol  c37673d37673 uhttp://koha.tu.koszalin.pl/cgi-bin/koha/opac-detail.pl?biblionumber=37673yKatalog online BPK 00104070aBPKbBPKcwo54077p01490749yKS